| 000 | 00540nam a2200181 a 4500 | ||
|---|---|---|---|
| 003 | BD-DhJNU | ||
| 005 | 20250826040600.0 | ||
| 008 | 250501s1955 ii a b 001 0 eng | ||
| 040 |
_aBD-DhJNU _bENG _cBD-DhJNU _dBD-DhJNU |
||
| 082 | 0 | 0 |
_a950 LAS _223 |
| 100 | 1 | _aLatourette, Kenneth Scott | |
| 245 | 1 | 0 |
_aA short history of the far east / _cKenneth Scott Latourette |
| 260 |
_aNew York : _bThe Macmillan Company, _c1955. |
||
| 300 |
_axiv, 730 p. : _bill. ; _c24 cm. |
||
| 504 | _aIncludes index. | ||
| 650 | 0 | _aFar East History | |
| 942 | _cBK | ||
| 999 |
_c2023 _d2023 |
||